Sử dụng phương pháp quan sát trong đo lường, đánh giá kết quả học tập ở đại học /
Enregistré dans:
| Auteur principal: | |
|---|---|
| Format: | Article |
| Langue: | Vietnamese |
| Sujets: | |
| Tags: |
Ajouter un tag
Pas de tags, Soyez le premier à ajouter un tag!
|
| Thư viện lưu trữ: | Thư viện Trường Đại học Đà Lạt |
|---|
| LEADER | 00821nam a2200265 4500 | ||
|---|---|---|---|
| 001 | DLU180187874 | ||
| 005 | ##20181016 | ||
| 040 | # | # | |a DLU |b vie |
| 041 | # | # | |a vie |
| 044 | # | # | |a vn |
| 100 | # | # | |a Lê Thị Anh. |
| 245 | # | # | |a Sử dụng phương pháp quan sát trong đo lường, đánh giá kết quả học tập ở đại học / |c Lê Thị Anh. |
| 653 | # | # | |a Đánh giá kết quả học tập |
| 653 | # | # | |a Đo lường |
| 653 | # | # | |a Quan sát |
| 773 | # | # | |t Tạp chí dạy và học ngày nay |g Số 09, 2017, tr. 15-18 |
| 920 | # | # | |a Phòng Tạp chí -- Trung tâm Thông tin - Thư viện Trường Đại học Đà Lạt |
| 994 | # | # | |a DLU |
| 900 | # | # | |a True |
| 911 | # | # | |a Trần Thị Minh Hương |
| 925 | # | # | |a G |
| 926 | # | # | |a A |
| 927 | # | # | |a BB |
| 980 | # | # | |a Thư viện Trường Đại học Đà Lạt |